00560nam a2200169Ia 4500008004100000100003200041245010400073245004500177260000900222300002500231440004300256500001100299650002600310650002000336650001400356650002000370170725s9999 xx 000 0 und d aApriani Dorkas Rambu Atahau aDoes Diversification Lead to Beter Loan Porftolio Returns? Empirical Evidence from Indonesian Banks cApriani Dorkas Rambu Atahau | Tom Cronje c2017 apages 25-41, January aDLSU Business & Economics Reviewv26:2 aCJ0034 a BANK OWNERSHIP TYPES aDIVERSIFICATION aINDONESIA aLOAN PORTFOLIOS